''Kurtlar Vadisi'' Name's Of Actors and Actress - Statistics

General Stats
  • This quiz has been taken 2 485 times
  • The average score is 13 of 26
Answer Stats
Hint Answers % Correct
1 Polat Alemdar
99%
6 Süleyman Çakır
85%
2 Memati Baş
81%
7 Laz Ziya
75%
11 Mehmet Karahanlı
71%
14 Testere Necmi
62%
19 Tombalacı Mehmet
62%
4 Güllü Erhan
60%
8 Kılıç
60%
22 Nesrin Çakır
55%
24 Safiye Karahanlı
54%
13 Aslan Akbey
53%
3 Abdülhey Çoban
52%
21 Elif Eylül
52%
25 Nergiz Karahanlı
52%
23 Derya Çakır
50%
5 Seyfo Dayı
47%
9 Hüsrev Ağa
46%
20 İplikçi Nedim
35%
16 Samuel Vanunu
33%
26 Eren Eylül
30%
17 Nizamettin Güvenç
30%
10 Tuncay Kantarcı
30%
15 Doğu Eşrefoğlu
15%
12 Nevzat
14%
18 Halo Ağa
7%
No matching quizzes found
Score Distribution
Percent of People with Each Score
Percentile by Number Answered
Your Score History
You have not taken this quiz